<?xml version="1.0" encoding="UTF-8"?>
<record
    xmlns:xsi="http://www.w3.org/2001/XMLSchema-instance"
    xsi:schemaLocation="http://www.loc.gov/MARC21/slim http://www.loc.gov/standards/marcxml/schema/MARC21slim.xsd"
    xmlns="http://www.loc.gov/MARC21/slim">

  <leader>07073cam a2200589 i 4500</leader>
  <controlfield tag="001">21407529</controlfield>
  <controlfield tag="003">OSt</controlfield>
  <controlfield tag="005">20260303110428.0</controlfield>
  <controlfield tag="008">200129t20202020enka   e b    001 0 eng  </controlfield>
  <datafield tag="010" ind1=" " ind2=" ">
    <subfield code="a">  2020932032</subfield>
  </datafield>
  <datafield tag="015" ind1=" " ind2=" ">
    <subfield code="a">GBC081482</subfield>
    <subfield code="2">bnb</subfield>
  </datafield>
  <datafield tag="016" ind1="7" ind2=" ">
    <subfield code="a">019834257</subfield>
    <subfield code="2">Uk</subfield>
  </datafield>
  <datafield tag="020" ind1=" " ind2=" ">
    <subfield code="a">9780500022955</subfield>
    <subfield code="q">(hardback)</subfield>
  </datafield>
  <datafield tag="020" ind1=" " ind2=" ">
    <subfield code="a">050002295X</subfield>
    <subfield code="q">(hardback)</subfield>
  </datafield>
  <datafield tag="035" ind1=" " ind2=" ">
    <subfield code="a">21407529</subfield>
  </datafield>
  <datafield tag="035" ind1=" " ind2=" ">
    <subfield code="a">(OCoLC)1192461569</subfield>
  </datafield>
  <datafield tag="040" ind1=" " ind2=" ">
    <subfield code="a">AU@</subfield>
    <subfield code="b">eng</subfield>
    <subfield code="e">rda</subfield>
    <subfield code="c">AU@</subfield>
    <subfield code="d">OCLCO</subfield>
    <subfield code="d">SINLB</subfield>
    <subfield code="d">OCLCF</subfield>
    <subfield code="d">YDXIT</subfield>
    <subfield code="d">VP@</subfield>
    <subfield code="d">UKMGB</subfield>
    <subfield code="d">BDX</subfield>
    <subfield code="d">ERASA</subfield>
    <subfield code="d">YDX</subfield>
    <subfield code="d">GO6</subfield>
    <subfield code="d">UAP</subfield>
    <subfield code="d">OCLCO</subfield>
    <subfield code="d">JQM</subfield>
    <subfield code="d">OCL</subfield>
    <subfield code="d">OCLCO</subfield>
    <subfield code="d">IBI</subfield>
    <subfield code="d">OCLCO</subfield>
    <subfield code="d">DLC</subfield>
  </datafield>
  <datafield tag="042" ind1=" " ind2=" ">
    <subfield code="a">lccopycat</subfield>
  </datafield>
  <datafield tag="043" ind1=" " ind2=" ">
    <subfield code="a">n-us---</subfield>
  </datafield>
  <datafield tag="050" ind1="0" ind2="0">
    <subfield code="a">NA7208</subfield>
    <subfield code="b">.B73 2020</subfield>
  </datafield>
  <datafield tag="082" ind1="0" ind2="4">
    <subfield code="a">728.3709730904 B73 2020</subfield>
    <subfield code="2">23</subfield>
  </datafield>
  <datafield tag="100" ind1="1" ind2=" ">
    <subfield code="a">Bradbury, Dominic,</subfield>
    <subfield code="e">author.</subfield>
  </datafield>
  <datafield tag="245" ind1="1" ind2="4">
    <subfield code="a">The iconic American house :</subfield>
    <subfield code="b">architectural masterworks since 1900 /</subfield>
    <subfield code="c">Dominic Bradbury ; photography by Richard Powers.</subfield>
  </datafield>
  <datafield tag="264" ind1=" " ind2="1">
    <subfield code="a">London ;</subfield>
    <subfield code="a">New York, New York :</subfield>
    <subfield code="b">Thames &amp; Hudson,</subfield>
    <subfield code="c">2020.</subfield>
  </datafield>
  <datafield tag="264" ind1=" " ind2="4">
    <subfield code="c">&#xA9;2020</subfield>
  </datafield>
  <datafield tag="300" ind1=" " ind2=" ">
    <subfield code="a">319 pages :</subfield>
    <subfield code="b">illustrations (chiefly colour) ;</subfield>
    <subfield code="c">29 cm</subfield>
  </datafield>
  <datafield tag="336" ind1=" " ind2=" ">
    <subfield code="a">text</subfield>
    <subfield code="b">txt</subfield>
    <subfield code="2">rdacontent</subfield>
  </datafield>
  <datafield tag="336" ind1=" " ind2=" ">
    <subfield code="a">still image</subfield>
    <subfield code="b">sti</subfield>
    <subfield code="2">rdacontent</subfield>
  </datafield>
  <datafield tag="337" ind1=" " ind2=" ">
    <subfield code="a">unmediated</subfield>
    <subfield code="b">n</subfield>
    <subfield code="2">rdamedia</subfield>
  </datafield>
  <datafield tag="338" ind1=" " ind2=" ">
    <subfield code="a">volume</subfield>
    <subfield code="b">nc</subfield>
    <subfield code="2">rdacarrier</subfield>
  </datafield>
  <datafield tag="504" ind1=" " ind2=" ">
    <subfield code="a">Includes bibliographical references (pages 314-315) and index.</subfield>
  </datafield>
  <datafield tag="505" ind1="0" ind2="0">
    <subfield code="t">The Mount: Lenox, Massachusetts /</subfield>
    <subfield code="r">Edith Wharton &amp; Ogden Codman, Jr (1902)  --</subfield>
    <subfield code="t">Gamble House: Pasadena, California /</subfield>
    <subfield code="r">Greene &amp; Greene (1909)  --</subfield>
    <subfield code="t">Schindler House: West Hollywood, California /</subfield>
    <subfield code="r">Rudolph Schindler (1922) --</subfield>
    <subfield code="t">Wharton Esherick: House &amp; Studio: Malvern, Pennsylvania /</subfield>
    <subfield code="r">Wharton Esherick (1926)  --</subfield>
    <subfield code="t">Saarinen House: Bloomfield Hills, Michigan /</subfield>
    <subfield code="r">Eliel Saarinen (1930)  --</subfield>
    <subfield code="t">Morse House: Lake Forest, Illinois /</subfield>
    <subfield code="r">William Zimmerman (1932) --</subfield>
    <subfield code="t">Gropius House: Lincoln, Massachusetts /</subfield>
    <subfield code="r">Walter Gropius (1938) --</subfield>
    <subfield code="t">Falling-water: Mill Run, Pennsylvania /</subfield>
    <subfield code="r">Frank Lloyd Wright (1939) --</subfield>
    <subfield code="t">Frelinghuysen Morris: House &amp; Studio : Lenox, Massachusetts /</subfield>
    <subfield code="r">George Sanderson &amp; John Butler Swann (1931/41) --</subfield>
    <subfield code="t">Alden B. Dow: Home &amp; Studio: Midland, Michigan /</subfield>
    <subfield code="r">Alden B. Dow (1941)  --</subfield>
    <subfield code="t">Kaufmann Desert: House: Palm Springs, California /</subfield>
    <subfield code="r">Richard Neutra (1947)  --</subfield>
    <subfield code="t">Ford House: Aurora, Illinois /</subfield>
    <subfield code="r">Bruce Goff (1950)  --</subfield>
    <subfield code="t">Healy Guest House: Sarasota, Florida /</subfield>
    <subfield code="r">Ralph Twitchel! &amp; Paul Rudolph (1950) --</subfield>
    <subfield code="t">Dawnridge: Beverly Hills, California /</subfield>
    <subfield code="r">Tony Duquette &amp; Caspar Ehmcke (1949)  --</subfield>
    <subfield code="t">Eames House: Pacific Palisades, California /</subfield>
    <subfield code="r">Charles &amp; Ray Eames (1949) --</subfield>
    <subfield code="t">Glass House: New Canaan, Connecticut /</subfield>
    <subfield code="r">Philip Johnson (1949)  --</subfield>
    <subfield code="t">Farnsworth House: Plano, Illinois /</subfield>
    <subfield code="r">Ludwig Mies van der Rohe (1951)  --</subfield>
    <subfield code="t">Butterfly House: Carmel, California /</subfield>
    <subfield code="r">Frank Wynkoop (1951)  --</subfield>
    <subfield code="t">Miller House: Columbus, Indiana /</subfield>
    <subfield code="r">Eero Saarinen (1957)  --</subfield>
    <subfield code="t">Umbrella House: Sarasota, Florida /</subfield>
    <subfield code="r">Paul Rudolph (1953)  --</subfield>
    <subfield code="t">Firestone House: Rancho Mirage, California /</subfield>
    <subfield code="r">William Pereira (1957)  --</subfield>
    <subfield code="t">Frank House: Fire Island, New York /</subfield>
    <subfield code="r">Andrew Geller (1958)  --</subfield>
    <subfield code="t">Nakashima Farmstead &amp; Conoid Studio: New Hope, Pennsylvania /</subfield>
    <subfield code="r">George Nakashima (1959)  --</subfield>
    <subfield code="t">Dragon Rock: Garrison, New York /</subfield>
    <subfield code="r">Russel Wright &amp; David Leavitt (1961)  --</subfield>
    <subfield code="t">Margaret Esherick: House: Philadelphia, Pennsylvania /</subfield>
    <subfield code="r">Louis Kahn (1961)  --</subfield>
    <subfield code="t">Strick House: Santa Monica, California /</subfield>
    <subfield code="r">Oscar Niemeyer (1964)  --</subfield>
    <subfield code="t">Vanna Venturi House: Philadelphia, Pennsylvania /</subfield>
    <subfield code="r">Robert Venturi (1964)  --</subfield>
    <subfield code="t">Sculptured House: Golden, Colorado /</subfield>
    <subfield code="r">Charles Deaton (1965)  --</subfield>
    <subfield code="t">Sunnylands: Rancho Mirage, California /</subfield>
    <subfield code="r">A. Quincy Jones (1966)  --</subfield>
    <subfield code="t">Esherick: Hedgerow House: Sea Ranch, California /</subfield>
    <subfield code="r">Joseph Esherick (1966)  --</subfield>
    <subfield code="t">Stillman House II: Litchfield, Connecticut /</subfield>
    <subfield code="r">Marcel Breuer (1966)  --</subfield>
    <subfield code="t">Kappe Residence: Pacific Palisades, California /</subfield>
    <subfield code="r">Ray Kappe (1967)  --</subfield>
    <subfield code="t">Gwathmey House &amp; Studio: Amagansett, New York /</subfield>
    <subfield code="r">Charles Gwathmey (1965)  --</subfield>
    <subfield code="t">Elrod House: Palm Springs, California /</subfield>
    <subfield code="r">John Lautner (1968)  --</subfield>
    <subfield code="t">Round House: Wilton, Connecticut /</subfield>
    <subfield code="r">Richard Foster (1968)  --</subfield>
    <subfield code="t">Palevsky House: Palm Springs, California /</subfield>
    <subfield code="r">Craig Ellwood (1970)  --</subfield>
    <subfield code="t">Frey House II: Palm Springs, California /</subfield>
    <subfield code="r">Albert Frey (1964)  --</subfield>
    <subfield code="t">Douglas House: Harbor Springs, Michigan /</subfield>
    <subfield code="r">Richard Meier (1973)  --</subfield>
    <subfield code="t">House VI: Cornwall, Connecticut /</subfield>
    <subfield code="r">Peter Eisenman (1975)  --</subfield>
    <subfield code="t">Gerald Ford Estate: Rancho Mirage, California /</subfield>
    <subfield code="r">Welton Becket &amp; Associates (1978)  --</subfield>
    <subfield code="t">Joe &amp; Etsuko Price: Residence: Corona Del Mar, California /</subfield>
    <subfield code="r">Bart Prince (1989)  --</subfield>
    <subfield code="t">Greenberg House: Los Angeles, California /</subfield>
    <subfield code="r">Ricardo Legorreta (1991)  --</subfield>
    <subfield code="t">T-House: Wilton, New York /</subfield>
    <subfield code="r">Simon Lingers (1992)  --</subfield>
    <subfield code="t">Turtle Creek House: Dallas, Texas /</subfield>
    <subfield code="r">Antoine Predock (1993)  --</subfield>
    <subfield code="t">House at Toro Canyon: Montecito, California /</subfield>
    <subfield code="r">Barton Myers (1999)  --</subfield>
    <subfield code="t">Tower House: Syracuse, New York /</subfield>
    <subfield code="r">Thomas Gluck / Gluck+ (2012)  --</subfield>
    <subfield code="t">High Desert House: Joshua Tree, California /</subfield>
    <subfield code="r">Kendrick Bangs Kellogg (1993)  --</subfield>
    <subfield code="t">Ex of In House: Rhinebeck, New York /</subfield>
    <subfield code="r">Steven Holl (2016)  --</subfield>
    <subfield code="t">Woodstock Vermont: Farm: Woodstock, Vermont /</subfield>
    <subfield code="r">Rick Joy (2008)  --</subfield>
    <subfield code="t">The Pierre: San Juan Islands, Washington /</subfield>
    <subfield code="r">Tom Kundig and Olson Kundug (2010).</subfield>
  </datafield>
  <datafield tag="520" ind1="8" ind2=" ">
    <subfield code="a">Some of the world's greatest architects, including Walter Gropius, Frank Lloyd Wright and Ludwig Mies van der Rohe, have used their talents to create groundbreaking innovations in American residential architecture over the past 120 years. Though wide-ranging in style, these houses share a remarkable sensitivity to site and context; appreciation of local materials; experimentation with form, materials, and technology; and understanding of clients' needs. Spanning the length and breadth of the United States, The Iconic American House features fifty of the most important, timeless, and recognizable houses designed since 1900. With pithy text and fresh, vibrant illustrations, this book presents a lavish array of architectural masterpieces designed by architects such as Philip Johnson, Richard Neutra, Peter Eisenman and Thomas Gluck. Specially commissioned and stunning photographs, floor plans, drawings and architect biographies ensure that it is perfect for students, professionals, design aficionados and anyone who dreams of building a house of their own.</subfield>
  </datafield>
  <datafield tag="648" ind1=" " ind2="7">
    <subfield code="a">1900-2099</subfield>
    <subfield code="2">fast</subfield>
  </datafield>
  <datafield tag="650" ind1=" " ind2="0">
    <subfield code="a">Architect-designed houses</subfield>
    <subfield code="z">United States.</subfield>
  </datafield>
  <datafield tag="650" ind1=" " ind2="0">
    <subfield code="a">Architect-designed houses</subfield>
    <subfield code="z">United States</subfield>
    <subfield code="x">History</subfield>
    <subfield code="y">20th century.</subfield>
  </datafield>
  <datafield tag="650" ind1=" " ind2="0">
    <subfield code="a">Architect-designed houses</subfield>
    <subfield code="z">United States</subfield>
    <subfield code="x">History</subfield>
    <subfield code="y">21st century.</subfield>
  </datafield>
  <datafield tag="650" ind1=" " ind2="6">
    <subfield code="a">Maisons con&#xE7;ues par des architectes</subfield>
    <subfield code="z">&#xC9;tats-Unis.</subfield>
  </datafield>
  <datafield tag="650" ind1=" " ind2="6">
    <subfield code="a">Maisons con&#xE7;ues par des architectes</subfield>
    <subfield code="z">&#xC9;tats-Unis</subfield>
    <subfield code="x">Histoire</subfield>
    <subfield code="y">20e si&#xE8;cle.</subfield>
  </datafield>
  <datafield tag="650" ind1=" " ind2="6">
    <subfield code="a">Maisons con&#xE7;ues par des architectes</subfield>
    <subfield code="z">&#xC9;tats-Unis</subfield>
    <subfield code="x">Histoire</subfield>
    <subfield code="y">21e si&#xE8;cle.</subfield>
  </datafield>
  <datafield tag="650" ind1=" " ind2="7">
    <subfield code="a">Architect-designed houses</subfield>
    <subfield code="2">fast</subfield>
    <subfield code="0">(OCoLC)fst00813106</subfield>
  </datafield>
  <datafield tag="651" ind1=" " ind2="7">
    <subfield code="a">United States</subfield>
    <subfield code="2">fast</subfield>
    <subfield code="0">(OCoLC)fst01204155</subfield>
  </datafield>
  <datafield tag="655" ind1=" " ind2="7">
    <subfield code="a">illustrated books.</subfield>
    <subfield code="2">aat</subfield>
  </datafield>
  <datafield tag="655" ind1=" " ind2="7">
    <subfield code="a">Illustrated works.</subfield>
    <subfield code="2">fast</subfield>
    <subfield code="0">(OCoLC)fst01423873</subfield>
  </datafield>
  <datafield tag="655" ind1=" " ind2="7">
    <subfield code="a">History</subfield>
    <subfield code="2">fast</subfield>
    <subfield code="0">(OCoLC)fst01411628</subfield>
  </datafield>
  <datafield tag="655" ind1=" " ind2="7">
    <subfield code="a">Illustrated works.</subfield>
    <subfield code="2">lcgft</subfield>
  </datafield>
  <datafield tag="655" ind1=" " ind2="7">
    <subfield code="a">Ouvrages illustr&#xE9;s.</subfield>
    <subfield code="2">rvmgf</subfield>
  </datafield>
  <datafield tag="700" ind1="1" ind2=" ">
    <subfield code="a">Powers, Richard,</subfield>
    <subfield code="d">1967-</subfield>
    <subfield code="e">photographer.</subfield>
  </datafield>
  <datafield tag="906" ind1=" " ind2=" ">
    <subfield code="a">7</subfield>
    <subfield code="b">cbc</subfield>
    <subfield code="c">copycat</subfield>
    <subfield code="d">2</subfield>
    <subfield code="e">epcn</subfield>
    <subfield code="f">20</subfield>
    <subfield code="g">y-gencatlg</subfield>
  </datafield>
  <datafield tag="942" ind1=" " ind2=" ">
    <subfield code="2">ddc</subfield>
    <subfield code="c">BK-EN</subfield>
    <subfield code="n">0</subfield>
  </datafield>
  <datafield tag="999" ind1=" " ind2=" ">
    <subfield code="c">8546</subfield>
    <subfield code="d">8546</subfield>
  </datafield>
  <datafield tag="952" ind1=" " ind2=" ">
    <subfield code="0">0</subfield>
    <subfield code="1">0</subfield>
    <subfield code="2">ddc</subfield>
    <subfield code="4">0</subfield>
    <subfield code="7">0</subfield>
    <subfield code="a">CENTRAL</subfield>
    <subfield code="b">TUWAIQ</subfield>
    <subfield code="d">2026-03-03</subfield>
    <subfield code="l">0</subfield>
    <subfield code="o">728.3709730904 B73 2020</subfield>
    <subfield code="p">1000000025773</subfield>
    <subfield code="r">2026-03-03 11:06:15</subfield>
    <subfield code="w">2026-03-03</subfield>
    <subfield code="y">BK-EN</subfield>
  </datafield>
</record>
